Movies Quiz

Random Movies or Letter Quiz

Robert de Niro movies by character (A - Z) Quiz Stats

 Plays Quiz not verified by Sporcle

Challenge
Share
Tweet
Embed
Score 0/18 Timer 10:00
0 Plays Today
LETTERS MOVIE % Correct
RRaging Bull
90.5%
TTaxi Driver
90.5%
UUntouchables (The)
84.1%
CCape Fear
74.6%
DThe Deer Hunter (The)
73%
SSleepers
66.7%
AAwakenings
54%
OOnce Upon a Time in America
50.8%
LLittle Fockers
49.2%
LETTERS MOVIE % Correct
MMission (The)
38.1%
JJacknife
23.8%
GGodsend
22.2%
HHide and Seek
20.6%
WWe're No Angels
19%
KKiller Elite
15.9%
FFlawless
14.3%
NNight and the City
14.3%
BBorn to Win
12.7%

You're not logged in!

Compare scores with friends on all Sporcle quizzes.
Join for Free
OR
Log In

You Might Also Like...

Show Comments

Extras

Top Quizzes Today


Score Distribution

Your Account Isn't Verified!

In order to create a playlist on Sporcle, you need to verify the email address you used during registration. Go to your Sporcle Settings to finish the process.

Report this User

Report this user for behavior that violates our Community Guidelines.

Details: